| 000 | 01011cab a2200337 4500 | ||
|---|---|---|---|
| 001 | WB2908-03 | ||
| 008 | 090401t1993 xxu||||| |||| 00| 0 eng d | ||
| 035 | _a(Sirsi) u59088 | ||
| 041 | _aeng | ||
| 245 | _aSurvey finds dampness widespread | ||
| 260 | _c1993 | ||
| 350 | _a0 | ||
| 490 |
_aSurveyor _v26 February 1993, 4 |
||
| 490 |
_aHerald _v26 February 1993, 6(2) |
||
| 520 | _aPreliminary results of a Scottish Homes survey on behalf of the Scottish Office indicate that more than 20% of housing stock in Scotland is suffering from damp, condensation or mould. | ||
| 650 | _aCONDENSATION | ||
| 650 | _aDAMPNESS | ||
| 650 |
_aHEALTH AND SAFETY _96244 |
||
| 650 | _aHOUSE CONDITION SURVEY | ||
| 650 | _aHOUSING STOCK | ||
| 650 | _aMOULD | ||
| 650 | _aPRIVATE SECTOR | ||
| 650 | _aPUBLIC SECTOR | ||
| 650 | _aRISING DAMP | ||
| 650 | _aSCOTLAND | ||
| 650 | _aSTATISTICS | ||
| 690 | _aBUILT ENVIRONMENT-BUILDING INSPECTION | ||
| 690 | _aHOUSING | ||
| 942 | _n0 | ||
| 948 | _c04/03/1997 | ||
| 999 |
_c36195 _d36195 |
||